Statistics for Omnivores By Picture

Click here to take the quiz!

General Stats

  • This quiz has been taken 37 times
  • The average score is 6 of 8

Answer Stats

Answer% Correct
Black Bear
100%
Red Fox
100%
Raccoon
91%
European Hedgehog
82%
Hamadryas Baboon
82%
Black Backed Jackal
59%
Maned Wolf
35%
White Nosed Coati
24%

Score Distribution

Percentile by Number Answered

Percent of People with Each Score

Your Score History

You have not taken this quiz